000 00565nam 22001813 4500
001 199905
090 _a199905
100 _a20260114d u||y0pory50 ba
200 _aCurso de sismologia
_fFrederico Machado
210 _aLisboa
_cJunta de Investigações do Ultramar
_d1970
215 _a155 p.
_cil. ; brochado
_d23 cm
225 _aEstudos, ensaios e documentos
_h125
606 _915715
_aCiências da terra. Ciências geológicas
675 _a55
_vPT
_zpor
700 _915728
_aMachado
_bFrederico
_f1918-2000
801 _aPT
_bBMMN
_gRPC
830 _cVanda
990 _cLIVROS